书目信息 |
| 题名: |
物流和供应链管理
|
|
| 作者: | 朱道立 编著 | |
| 分册: | ||
| 出版信息: | 上海 复旦大学出版社 2005 |
|
| 页数: | 340页 | |
| 开本: | 20cm | |
| 丛书名: | ||
| 单 册: | ||
| 中图分类: | F273.4 | |
| 科图分类: | ||
| 主题词: | 企业经济 | |
| 电子资源: | ||
| ISBN: | 7-309-02825-2 | |
| 000 | 00558nam0 2200193 450 | |
| 001 | 0762361917 | |
| 005 | 20070717135830.37 | |
| 010 | @a7-309-02825-2@dCNY18.00 | |
| 100 | @a20070715d2005 km y0chiy0120 ea | |
| 101 | 0 | @achi |
| 102 | @aCN@b310000 | |
| 200 | 1 | @a物流和供应链管理@Awu liu he gong ying lian guan li@f朱道立等编著@Fzhu dao li deng bian zhu |
| 210 | @a上海@c复旦大学出版社@d2005 | |
| 215 | @a340页@d20cm | |
| 606 | 0 | @a企业经济 |
| 690 | @aF273.4@v3 | |
| 701 | 0 | @a朱道立@Azhu dao li@4编著 |
| 801 | 0 | @aCN@bPFT@c20070717 |
| 905 | @a10447@dF273.4@e586 | |
| 物流和供应链管理/朱道立等编著.-上海:复旦大学出版社,2005 |
| 340页;20cm |
| ISBN 7-309-02825-2:CNY18.00 |
| ● |
| 相关链接 |
|
|
|
|
正题名:物流和供应链管理
索取号:F273.4/586
 
预约/预借
| 序号 | 登录号 | 条形码 | 馆藏地/架位号 | 状态 | 备注 |
| 1 | 0777992 | 207779929 | 第一样本阅览室/ [索取号:F273.4/586] | 在馆 | |
| 2 | 0779327 | 207793271 | 密集书库/ [索取号:F273.4/586] | 在馆 |